UFC Fighter by Country - Statistics

General Stats
  • This quiz has been taken 102 times
  • The average score is 14 of 16
Answer Stats
Hint Answer % Correct
Khabib Nurmagomedov Russia
97%
Jon Jones USA
95%
Tom Aspinall United Kingdom
91%
Anderson Silva Brazil
90%
Merab Dvalishvili Georgia
90%
Georges St-Pierre Canada
89%
Kamaru Usman Nigeria
89%
Zhang Weili China
87%
Chan Sung Jung South Korea
87%
Ciryl Gane France
86%
Dricus Du Plessis South Africa
86%
Alexander Volkanovski Australia
83%
Brandon Moreno Mexico
83%
Robert Whittaker New Zealand
80%
Joanna Jędrzejczyk Poland
80%
Francis Ngannou Cameroon
76%
No matching quizzes found
Score Distribution
Percent of People with Each Score
Percentile by Number Answered
Your Score History
You have not taken this quiz